00647nam a22002057a 450000500170000001000130001702000230003003500130005303700160006604000120008208200110009410000220010524500680012726000450019527000620024030000290030265000370033165000510036870000220041920170124110132.0 aB-163283 c325.00a0195668995 aB-163283 bCen Lib/Ret aDPLbEN aNbPRE aPremchand, Munshi aSevasadan /cby Munshi Premchand; translated by Snehal Shingavi aNew DelhibOxford University Pressc2005 aYMCA Library Building, Jai Singh Road bNew Delhie110001 axxxvii, 275p. c21cm(Hb) aProstitution -- India -- Fiction aWomen -- India -- Social conditions -- Fiction aShingavi, Snehal